000
00317nam a2200121 a 4500
001
000046013
005
20201002052600.0
008
150611s1970 000 spa d
040
_a
DO-SdBNP
_b
spa
_c
BNPHU
245
3
_a
Un dia de Ivan Denisovich.
260
_a
[s.l.], :
_b
[s. n.],
_c
1970.
300
_a
174 p. : ;
_c
19 cm.
999
_c
45502
_d
45502